02743nam a22003257a 4500003000900000008004100009040007100050082002000121110005500141245007500196260003400271300004600305440006600351505161800417650002302035650002802058650002902086650001702115650001602132650002502148650002602173650002402199700002902223700002802252700002802280700002202308700003002330700003002360700002702390AR-CdUCM190425b ||||| |||| 00| 0 spa d aMUNICIPALIDAD PROVINCIAL DEL CUSCOcBIBLIOTECA MUNICIPAL DEL CUSCO aAndes/N°3/1999 aUniversidad Nacional de San Antonio Abad del Cusco aAndes :bRevista de Ciencias Sociales /cFacultad de Ciencias Sociales aCusco.bUniversitaria,c1999. a299 páginas. :bIlustraciones ;c21 cm. aAndes Revista Semestre de la Facultad de CienciasnN° 3.1999 aContenido: Pumacahua y su participación en la revolución de 1814. Víctor Aguilar Callo. -- El costo social y económico de la revolución Tupacamarista en el altiplano. Otilia Quiñones Meza. -- Formación del capital industrial en el Cusco el caso textil urbano 1915-1928. Luis Froylan Medina Suyo. -- Conflictos y relaciones sociales con ocasión del cobro de diezmos en el Cusco Siglo XVIII. Margareth Najarro Espinoza. -- Usno, Sukankas y calendario Inka. Aurelio Carmona Cruz. -- El Corpus Christi frente al pensamiento andino. Jorge Escobar Medrano. -- Algunos aspectos generales de la sexualidad en la tercera edad. Rina Cornejo Muñoz. Olimpia Torres Castillo. -- El mundo de las almas una interpretación sobre el orden y el caos. Jesús Washington Rozas Álvarez. -- María del Carmen Calderón García. -- La danza del Awqa Chileno de Urcos. José Canal Carhuarupay. -- La fiesta de la Virgen del Rosario en Huallhua. Juan V. Tuero Villa. -- Turismo e incanismo en el Cusco. Jorge Flores Ochoa. Pierre L. Van den Berghe. -- Machupijchu retos en la gestión del santuario histórico. Oscar Paredes Pando. -- Defensa y conservación del patrimonio monumental del Cusco. Raymundo Béjar Navarro. -- Las excavaciones de Pikillacta realizadas en los sectores 4C, 4D, y canal A. Alfredo Valencia Zegarra. -- Filósofos cusqueños del siglo XX. Néstor Bustos Silva. -- Condicionamiento sociocultural del pensamiento cognición en la realidad andina. Gustavo Valdivia Rivera. -- Imasmari Imasmari Lógica y Psicología de la adivinanza. Gustavo Valdivia Rivera. Hilda Acurio Mora. aHistoria del Cusco aArqueología del Cusco aAntropología del Cusco aPsicología aFilosofía aMovimientos sociales aAntropología social aPatrimonio cultural aValdivia Rivera, Gustavo aAguilar Callo, Víctor aQuiñones Meza, Otilia aMedina Suyo, Luis aValencia Zegarra, Alfredo aCanal Carhuarupay, José aEscobar Medrano, Jorge